000 00591nam a22002057a 4500
005 20240220132013.0
008 240220b ||||| |||| 00| 0 eng d
020 _a9789360781545
040 _aIN-DiNC
_cIN-DiNC
041 _dasm
082 _a320.954
_bDUT
100 _aDutta, Mahan Ranjan
_eauthor
245 _aBharatiya sarkar aru rajniti/
_cby Mahan Ranjan Dutta and Ratul Mazumder
250 _a1st imp
260 _aGuwahati:
_bAshok publication,
_c2024.
300 _a176p.
650 _aIndian government and politics
700 _aMazumder, Ratul
_eauthor
942 _2ddc
_cBK
999 _c11741
_d11741